000 01202nam2a2200301 4500
001 RU\NLR\DIGIT\124771
005 20250613220033.0
035 _aRU\NLR\ONL\1203
035 _a(NLR Aleph) 010178736
090 _a10156046
_c10156046
100 _a20130115d1937 |||y0rusy50 ca
101 0 _a9ij
102 _aRU
105 _aa |||||||||
135 _acrgn 008apada
200 0 _aЧ.3
_e3:tta ja 4:tta klaassaa vart
210 _d1937
_aБ. м.
215 _a55,[3] с.
_cил
325 _aКопия доступна в Электрон. б-ке РНБ http://vivaldi.nlr.ru/bx000010949/view
461 0 _1001RU\NLR\ONL1\1200
_12001#$vЧ. 3$aArifmetikan oppikirja alkuşkouluja vart
_99487112
_aPopova, N. S.
_cL.
_d1937
_nRiikin Ucebno-pedagog. izd-va
_tArifmetikan oppikirja alkuşkouluja vart
_vЧ. 3$aArifmetikan oppikirja alkuşkouluja vart
801 0 _aRU
_bNLR
_c20030201
_gPSBO
852 _aNLR
_jИжор./3-14
942 _cBOOK
980 _aNB
981 2 3 _a(23) Национальные литературы
_b(23) Книги на национальных языках